000 00667nam a22002057a 4500
005 20250121163234.0
010 _aENG-143393
020 _c2995.00
_a9789395116886
035 _aEN-126925
037 _bDBAD
082 _a343.41052
_28
100 _aChaturvedi
_976845
245 0 0 _aSupplement to Chaturvedi & Pithisaria's Income Tax Law 2024/
_cby Chaturvedi [and] Pithisaria
250 _a8
260 _aGurgaon
_bLexis Nexis
_c2024
270 _a14th Floor, Bldg. No.10, Tower-B, DLF Cyber City, Phase-II
_bGurgaon
_e122002
300 _alxxii,1111p.
_c24cm(Hb)
700 _aPithisaria
_eAuthor
_976544
942 _2ddc
_cEN
_mCHA
_h343.41052
999 _c208472
_d208472